ბათუმის შოთა რუსთაველის სახელმწიფო უნივერსიტეტის ბიბლიოთეკა

Стенокардия (ბიბ.ჩანაწერი № 36725)

000 -ლიდერი
ფიქსირებული სიგრძის საკონტროლო ველი 00622nam a2200205Ia 4500
001 - საკონტროლო ნომერი
საკონტროლო ველი 2657
003 - საკონტროლო ნომრის იდენტიფიკატორი
საკონტროლო ველი GE_BSU
005 - ბოლო ოპერაციის თარიღი და დრო
საკონტროლო ველი 20230829161733.0
008 - ფიქსირებული სიგრძის მონაცემთა ელემენტები - ზოგადი ინფორმაცია
ფიქსირებული სიგრძის საკონტროლო ველი 181216s1987||||ru |||||||||||||| ||rus||
040 ## - კატალოგიზაციის წყარო
Transcribing agency GE_BSU
041 ## - ენის კოდი
Language code of text/sound track or separate title rus
080 ## - უნივერსალური ათობითი კლასიფიკაციის ინდექსი
Universal Decimal Classification number 616.12 Г-22
100 ## - მთავარი ჩანაწერი - პიროვნების სახელი
Personal name Гасилин, В.Г.
9 (RLIN) 19723
245 ## - ცნობა სათაურის შესახებ
Title Стенокардия
Statement of responsibility, etc В.Г. Гасилин, Б.А. Сидоренко.
264 ## - წარმოების, გამოცემის, დისტრიბუციის და სხვა ცნობები
გამოცემის, წარმოების, დისტრიბუციის... ადგილი Москва :
გამოცემის, წარმოების, დისტრიბუციის... სახელწოდება Медицина,
გამოცემის, წარმოების, დისტრიბუციის... თარიღი 1987.
300 ## - ფიზიკური აღწერა
Extent 238 стр.;
Other physical details 19 см.
653 ## - INDEX TERM--UNCONTROLLED
Uncontrolled term სტენოკარდია
700 ## - ADDED ENTRY--PERSONAL NAME
Personal name Сидоренко, Б.А.
Relator term ავტორი
9 (RLIN) 19724
942 ## - ADDED ENTRY ELEMENTS (KOHA)
Koha item type წიგნი
Source of classification or shelving scheme
ეგზემპლარები
ჩამოწერის სტატუსი დაკარგული ეგზემპლარის სტატუსი კლასიფიკაციის წყარო ან თაროზე გაწყობის სქემა დაზიანების სტატუსი არ გაიცემა მუდმივი მდებარეობა (დაცვის ადგილი) ამჟამინდელი ადგილსამყოფელი თაროზე განთავსების ადგილი შეძენის თარიღი ღირებულება, შესყიდვის ნორმალური ფასი სრული შენახვის შიფრი შტრიხკოდი ბოლო ოპერაციის თარიღი ეგზემპლარის მიმდევრობითი ნომერი (კეტერი?) ფასის ძალაში შესვლის თარიღი ეგზემპლარის სახეობა საჯარო შენიშვნა
          ბათუმის შოთა რუსთაველის სახელმწიფო უნივერსიტეტის მთავარი ბიბლიოთეკა ბათუმის შოთა რუსთაველის სახელმწიფო უნივერსიტეტის მთავარი ბიბლიოთეკა წიგნსაცავი 2018-12-17 8.00 616.12 Г-22 3499 2018-12-17 3499 2018-12-17 წიგნი 8 ლ.